01015nam a2200253Ia 4500001000700000003000400007005001700011008004100028040000900069082001700078111009800095245013400193260010900327300001100436500003100447503001400478650002000492650002700512650004200539650003000581650002800611650002000639711010200659Z_6330OSt20221110124334.0220601s9999 xx 000 0 und d aCHAP a636.9322 C66 aS.A.G. Dirección General de Avicultura y Especies Menosre. Programa Nacional de Cunicultura aCompendio básico de cunicultura / S.A.G. Dirección General de Avicultura y Especies Menosre. Programa Nacional de Cunicultura aMéxico : S.A.G. Dirección General de Avicultura y Especies Menosre. Programa Nacional de Cunicultura a165 p. aPáginas faltantes: 75-76 aej.1: s/n a1. Cunicultura  aConejos - Alojamiento  aConejos - Alimentos y alimentación  aConejos - Reproducción  aConejos - Enfermedades  aConejos - Razas aS.A.G. Dirección General de Avicultura y Especies Menosre. Programa Nacional de Cunicultura Ì